<?xml version="1.0" encoding="UTF-8"?>
<collection xmlns="http://www.loc.gov/MARC21/slim">
 <record>
  <leader>00900ngm a22002655g 4500</leader>
  <controlfield tag="001">CEM.cems022084</controlfield>
  <controlfield tag="008">130507b1994##################0###0#####d</controlfield>
  <controlfield tag="005">20241003162345.0</controlfield>
  <datafield tag="245" ind1="1" ind2="0">
   <subfield code="a">Enigmas del pasado /</subfield>
   <subfield code="c">Eduardo Terrile.</subfield>
  </datafield>
  <datafield tag="300" ind1=" " ind2=" ">
   <subfield code="a">38'.</subfield>
  </datafield>
  <datafield tag="500" ind1=" " ind2=" ">
   <subfield code="a">En soporte VHS, consultar en ventanilla.</subfield>
  </datafield>
  <datafield tag="505" ind1="0" ind2=" ">
   <subfield code="a">La ciudad de Lima. Características. El Inti-Huasi. La ciudadela de Machu-Pichu. Costumbres incas. Cuzco. Las líneas de Nazca. Enigmas del Perú.</subfield>
  </datafield>
  <datafield tag="538" ind1=" " ind2=" ">
   <subfield code="a">Soporte: VHS - Norma: Pal N - Color - Grabación DRD 1994 - Hitachi=0000</subfield>
  </datafield>
  <datafield tag="100" ind1="1" ind2=" ">
   <subfield code="a">Terrile, Eduardo</subfield>
  </datafield>
  <datafield tag="082" ind1="9" ind2="8">
   <subfield code=".">01/TER</subfield>
  </datafield>
  <datafield tag="653" ind1=" " ind2=" ">
   <subfield code="a">PERU, HISTORIA DEL</subfield>
  </datafield>
  <datafield tag="653" ind1=" " ind2=" ">
   <subfield code="a">PERU</subfield>
  </datafield>
  <datafield tag="653" ind1=" " ind2=" ">
   <subfield code="a">LIMA</subfield>
  </datafield>
  <datafield tag="653" ind1=" " ind2=" ">
   <subfield code="a">INTI HUASI</subfield>
  </datafield>
  <datafield tag="653" ind1=" " ind2=" ">
   <subfield code="a">MACHU PICHU</subfield>
  </datafield>
  <datafield tag="653" ind1=" " ind2=" ">
   <subfield code="a">INCAS</subfield>
  </datafield>
  <datafield tag="653" ind1=" " ind2=" ">
   <subfield code="a">CUZCO</subfield>
  </datafield>
  <datafield tag="653" ind1=" " ind2=" ">
   <subfield code="a">NAZCA</subfield>
  </datafield>
  <datafield tag="653" ind1=" " ind2=" ">
   <subfield code="a">NIVEL SECUNDARIO</subfield>
  </datafield>
  <datafield tag="859" ind1=" " ind2=" ">
   <subfield code="a">CEMS</subfield>
   <subfield code="b">BIB. CEMS - Depto. Recursos Didacticos</subfield>
   <subfield code="h">980.01</subfield>
   <subfield code="i">TER</subfield>
   <subfield code="k">DRD</subfield>
   <subfield code="p">727.12</subfield>
   <subfield code="t">Ej.1</subfield>
  </datafield>
 </record>
</collection>
